[Event "World Seniors"]
[Site "Condino ITA"]
[Date "2009.10.29"]
[Round "3"]
[White "Kernazhitsky,L"]
[Black "Tseshkovsky,V"]
[Result "1/2-1/2"]
[WhiteElo "2327"]
[BlackElo "2549"]

1.e4 g6 2.d4 Bg7 3.Nc3 a6 4.Nf3 d6 5.Be3 Nf6 6.h3 O-O 7.Qd2 b5 8.Bd3 Bb7
9.a3 Nbd7 10.Bh6 e5 11.Bxg7 Kxg7 12.dxe5 dxe5 13.Qe3 c5 14.O-O c4 15.Be2 Qb6
16.Qxb6 Nxb6 17.Nxe5 Rae8 18.f4 Nxe4 19.Bf3 Nxc3 20.Bxb7 Ne2+ 21.Kh2 Nxf4
22.Rae1 Ne6 23.Bxa6 Nc7 24.Bb7 Re7 25.Nf3 Rfe8 26.Bc6 Rxe1 27.Rxe1 Rxe1 28.Nxe1 Kf6
29.Nf3 Ke7 30.b3 Kd6 31.Bb7 f6 32.Kg3 Ne6 33.Ba6 Kc6 34.bxc4 bxc4 35.Nd2 Kd5
36.c3 Nc5 37.Bb5 Ne4+ 38.Nxe4 Kxe4 39.a4 Kd3 40.a5 Nc8 41.Bd7 Na7 42.Be6 Kxc3
43.Bg8 h6 44.Bf7 Kb4 45.Bxg6 Kxa5 46.Kg4 Nc6 47.Kh5 Nd4 48.Kxh6 f5 49.Bh5 Nc2
50.Be2 c3 51.Bd3 Ne1  1/2-1/2

[Event "WJun Girls"]
[Site "Puerto Madryn ARG"]
[Date "2009.10.30"]
[Round "9"]
[White "Leks,H"]
[Black "Guo,E"]
[Result "1-0"]
[WhiteElo "2169"]
[BlackElo "1920"]

1.e4 g6 2.d4 Bg7 3.Nc3 c5 4.d5 d6 5.Bb5+ Nd7 6.a4 a6 7.Be2 Ngf6 8.Nf3 O-O
9.O-O b6 10.Re1 Bb7 11.Bf4 Qc7 12.Nd2 Rab8 13.Bf1 Bc8 14.h3 Nh5 15.Bg5 Bf6
16.Bxf6 exf6 17.Nc4 Ne5 18.Qd2 Qe7 19.f4 Nxc4 20.Bxc4 g5 21.fxg5 fxg5 22.e5 Nf4
23.exd6 Qxd6 24.Ne4 Qh6 25.Qc3 Nh5 26.Rf1 f6 27.d6+ Kg7 28.Rae1 b5 29.axb5 axb5
30.Bd5 Nf4 31.Qxc5 Nxg2 32.Kxg2 Bxh3+ 33.Kg1 Bxf1 34.Rxf1 Qh3 35.Qa7+ Kg6
36.Qf2 f5 37.Nc5 Qg4+ 38.Bg2 Rbe8 39.c3 Qc4 40.Qd4 Qf7 41.d7 Rd8 42.Qd6+ Qf6
43.Rd1 Rf7 44.Qxf6+ Kxf6 45.Bc6  1-0

[Event "13th OIBM"]
[Site "Bad Wiessee GER"]
[Date "2009.11.01"]
[Round "2"]
[White "Graf,C"]
[Black "Wohl,A"]
[Result "1-0"]
[WhiteElo "2139"]
[BlackElo "2417"]

1.e4 g6 2.d4 Bg7 3.Nc3 a6 4.a4 d6 5.Nf3 Nd7 6.Be2 c5 7.d5 Ngf6 8.O-O O-O
9.a5 Re8 10.Bf4 b5 11.axb6 Qxb6 12.Ra2 Ng4 13.Nd2 Nge5 14.Be3 Nf6 15.h3 Bb7
16.f4 Ned7 17.Nc4 Qc7 18.Bf3 Nb6 19.Na5 Nfd7 20.Qd3 Bc8 21.Kh1 Nf8 22.Rd1 Bd7
23.Rda1 e6 24.e5 exd5 25.Nxd5 Nxd5 26.Bxd5 Bf5 27.exd6 Qd7 28.Qd2 Be4 29.Bxe4 Rxe4
30.Bxc5 Rae8 31.Qd3 Re1+ 32.Rxe1 Rxe1+ 33.Kh2 Bh6 34.g3 Qe6 35.Ra3 Bg7 36.Nc4 g5
37.f5 Qc8 38.Bf2 Rb1 39.Qd5 Nd7 40.b3 h5 41.g4 hxg4 42.hxg4 Qf8 43.Kg2 Bf6
44.Ne3 Qh6 45.Nf1 Rc1 46.Ra2 Kg7 47.Ng3 Be5 48.Nh5+ Kg8 49.Rxa6  1-0

[Event "13th OIBM"]
[Site "Bad Wiessee GER"]
[Date "2009.11.02"]
[Round "4"]
[White "Linner,C"]
[Black "Wohl,A"]
[Result "0-1"]
[WhiteElo "2117"]
[BlackElo "2417"]

1.d4 g6 2.e4 Bg7 3.Nc3 a6 4.Be3 d6 5.Qd2 Nd7 6.h4 h5 7.f3 b5 8.O-O-O Nb6
9.Nh3 Bxh3 10.Rxh3 d5 11.Bg5 c6 12.e5 Qc8 13.Ne2 Nc4 14.Qd3 c5 15.b3 Na3
16.Nf4 e6 17.Rd2 Qc7 18.Ne2 Rc8 19.Be3 Ne7 20.g4 Nc6 21.dxc5 Qxe5 22.Nd4 Nb4
23.Qc3 Nxa2+  0-1

[Event "World Seniors"]
[Site "Condino ITA"]
[Date "2009.11.03"]
[Round "7"]
[White "Stull,N"]
[Black "Hellwege,W"]
[Result "1/2-1/2"]
[WhiteElo "2168"]
[BlackElo "2000"]

1.d4 g6 2.e4 Bg7 3.Nc3 c5 4.Nf3 Nc6 5.Be3 cxd4 6.Nxd4 Nf6 7.Nxc6 bxc6 8.e5 Ng8
9.f4 Nh6 10.Bc4 O-O 11.Qd2 d5 12.O-O-O Qa5 13.Bb3 Ng4 14.h3 Nxe3 15.Qxe3 h5
16.Qf3 Rd8 17.g4 hxg4 18.hxg4 e6 19.Qh3 Bd7 20.f5 exf5 21.gxf5 Bxf5 22.Qh7+ Kf8
23.Rdf1 Bxe5 24.Rxf5 gxf5 25.Qxf5 Qc7 26.Rh5 Bg7 27.Na4 Qd6 28.c3 Qf6 29.Qh3 Qf4+
30.Kb1 Qe4+ 31.Kc1 Qe1+ 32.Bd1 d4 33.cxd4 Rxd4 34.Rh8+ Bxh8 35.Qxh8+ Ke7
36.Qxd4 Rd8 37.Qxa7+ Ke8 38.Nc3 Qd2+ 39.Kb1 Qd3+ 40.Kc1 Qd2+ 41.Kb1 Qd3+  1/2-1/2

[Event "13th OIBM"]
[Site "Bad Wiessee GER"]
[Date "2009.11.04"]
[Round "6"]
[White "Quinn,Joh"]
[Black "Wohl,A"]
[Result "0-1"]
[WhiteElo "2161"]
[BlackElo "2417"]

1.d4 g6 2.e4 Bg7 3.Nc3 a6 4.Nf3 d6 5.Be3 Nd7 6.Bc4 e6 7.a4 b6 8.O-O Ne7 9.Qd2 h6
10.Ne1 Bb7 11.f3 c5 12.Rd1 d5 13.Ba2 e5 14.Nxd5 Nxd5 15.exd5 cxd4 16.Bf2 Nc5
17.c3 Bxd5 18.Bxd5 Qxd5 19.cxd4 exd4 20.Bxd4 O-O 21.Bxg7 Qxd2 22.Rxd2 Kxg7
23.Rd4 Rad8 24.Rc4 Rfe8 25.Nc2 Rd2 26.Nd4 Rd8 27.b4 Nxa4 28.Nc6 Rc8 29.Rfc1 Nb2
30.R4c2 Rxc2 31.Rxc2 Nd3 32.Kf1 Kf6 33.Ke2 Ne5 34.Nd4 Rxc2+ 35.Nxc2 Ke6 36.Kd2 Kd5
37.Kc3 Nc4 38.g3 f5 39.h4 b5 40.Nd4 Nd6 41.Kd3 Nf7 42.Kc3 Ne5 43.h5 gxh5
44.f4 Ng6 45.Nxf5 Ke4 46.Nd6+ Kf3 47.f5 Nf8 48.Kd4 Kxg3 49.Ke4 h4 50.f6 h3
51.Nf5+ Kg2 52.Ne3+ Kg1  0-1

[Event "TCh-SLO East 1st League"]
[Site "Sentjur SLO"]
[Date "2009.11.06"]
[Round "6"]
[White "Riegler,P"]
[Black "Hrvacic,P"]
[Result "1/2-1/2"]
[WhiteElo "2306"]
[BlackElo "2304"]

1.e4 g6 2.d4 Bg7 3.Nc3 d5 4.exd5 Nf6 5.Bc4 O-O 6.Nf3 Nbd7 7.O-O Nb6 8.Bb3 a5
9.a4 Nbxd5 10.Nxd5 Nxd5 11.Re1 c6 12.h3 Qd6  1/2-1/2

[Event "48th XtraCon TCh-DEN 2009-10"]
[Site "Denmark DEN"]
[Date "2009.11.07"]
[Round "1"]
[White "Brunello,S"]
[Black "Skytte,R"]
[Result "0-1"]
[WhiteElo "2507"]
[BlackElo "2386"]

1.d4 g6 2.e4 Bg7 3.Nc3 d5 4.exd5 Nf6 5.Nf3 Nxd5 6.Nxd5 Qxd5 7.c4 Qd6 8.Be3 Nc6
9.d5 Ne5 10.c5 Nxf3+ 11.Qxf3 Qd7 12.O-O-O Qa4 13.Qf4 Qxa2 14.Bb5+ c6 15.Bd4 Bxd4
16.Qxd4 O-O 17.dxc6 bxc6 18.Bxc6 Rb8 19.Bd5 Qa5 20.Rhe1 Rb4 21.Qe5 Qa1+  0-1

[Event "Frauenbundesliga 2009-10"]
[Site "Germany GER"]
[Date "2009.11.08"]
[Round "2"]
[White "Mijatovic,And"]
[Black "Tammert,I"]
[Result "0-1"]
[WhiteElo "1869"]
[BlackElo "2277"]

1.e4 g6 2.d4 Bg7 3.Nc3 c5 4.Nf3 cxd4 5.Nxd4 Nc6 6.Be3 d6 7.Qd2 Nf6 8.f3 a6
9.g4 Nd7 10.f4 Nxd4 11.Bxd4 e5 12.Bf2 exf4 13.Qxf4 Ne5 14.g5 Qxg5 15.Qxg5 Nf3+
16.Ke2 Nxg5 17.Nd5 Bg4+ 18.Kd3 O-O 19.Bg2 f5 20.Bg3 Nxe4 21.Rhe1 Rae8 22.c3 Nxg3
23.hxg3 Rxe1 24.Rxe1 Be5 25.Nf4 Rb8 26.b3 Kg7 27.Re3 h5 28.Nd5 g5 29.Nb6 f4
30.gxf4 gxf4 31.Re1 f3 32.Bh1 f2 33.Rf1 Bg3 34.Ke3 Re8+  0-1

[Event "TCh-AUT 2009-10"]
[Site "Jenbach AUT"]
[Date "2009.11.08"]
[Round "3"]
[White "Reich,T"]
[Black "Reitgruber,D"]
[Result "1-0"]
[WhiteElo "2359"]
[BlackElo "1968"]

1.d4 g6 2.e4 Bg7 3.Nc3 c5 4.dxc5 Bxc3+ 5.bxc3 Qa5 6.Qd4 Nf6 7.Qb4 Qxb4 8.cxb4 Nc6
9.b5 Nb4 10.Bd3 O-O 11.Bb2 Nh5 12.Ne2 Nxd3+ 13.cxd3 d6 14.cxd6 exd6 15.Kd2 f5
16.f3 Ng7 17.Bxg7 Kxg7 18.Rhc1 Be6 19.Nd4 Kf6 20.Rc7 Rf7 21.Nxe6 Kxe6 22.Rxf7 Kxf7
23.Rc1 b6 24.Rc7+ Ke6 25.Rxh7 fxe4 26.fxe4 a6 27.bxa6 Rxa6 28.g4 Rxa2+ 29.Ke3 Rg2
30.d4 d5 31.h3 dxe4 32.Kxe4 Re2+ 33.Kf4 Kf6 34.g5+ Ke6 35.Rg7 Kd5 36.Rxg6 b5
37.Rb6 Rb2 38.g6 Kxd4 39.h4 Kc5 40.Rb8 Kd4 41.h5 Rh2 42.Rxb5  1-0

[Event "Espacio ENDESA ITTGM"]
[Site "Santiago CHI"]
[Date "2009.11.14"]
[Round "1"]
[White "Felgaer,R"]
[Black "Sepulveda Herrera,J"]
[Result "1-0"]
[WhiteElo "2573"]
[BlackElo "2354"]

1.e4 g6 2.d4 Bg7 3.Nc3 d5 4.exd5 Nf6 5.Bc4 Nbd7 6.Qf3 Nb6 7.Bb3 a5 8.a4 Bg4
9.Qg3 Bf5 10.Nge2 Nbxd5 11.Nxd5 Nxd5 12.c3 O-O 13.O-O Rc8 14.Re1 Qd7 15.h3 Rfe8
16.Qf3 Be6 17.Ng3 b6 18.Bd2 c6 19.Rad1 Nc7 20.c4 Qxd4 21.Bxa5 Qc5 22.Bc3 Bxc3
23.Qxc3 Na6 24.Re5 Qb4 25.Qe3 Nc5 26.Qh6 Qxb3 27.Rd4 f6 28.Rh5  1-0

[Event "TCh-FIN 2009-10"]
[Site "Finland FIN"]
[Date "2009.11.15"]
[Round "5"]
[White "Kivisto,M"]
[Black "Toivola,J"]
[Result "0-1"]
[WhiteElo "2277"]
[BlackElo "2209"]

1.e4 g6 2.d4 Bg7 3.Nc3 c5 4.Be3 cxd4 5.Bxd4 Nf6 6.e5 Ng8 7.Nf3 Nc6 8.Bb5 Nh6
9.O-O O-O 10.Re1 Nxd4 11.Qxd4 d6 12.Qf4 dxe5 13.Nxe5 Be6 14.a4 Nf5 15.Rad1 Qc8
16.Qb4 Qc7 17.Qf4 Rac8 18.Bd3 Qa5 19.b4 Qc7 20.Nb5 Qb8 21.g4 Nh4 22.Kf1 Bxe5
23.Qxe5 Qxe5 24.Rxe5 Nf3 25.Rxe6 fxe6 26.h3 a6 27.Na3 Rf4 28.Kg2 Nh4+ 29.Kg3 g5
30.Be2 Rc3+ 31.Rd3 Rxd3+ 32.Bxd3 Rf3+ 33.Kh2 Rxf2+ 34.Kg1 Rf4 35.Nc4 b5 36.axb5 axb5
37.Na3 Rxb4 38.Nxb5 Nf3+ 39.Kf2 Ne5 40.Be2 Rb2 41.Nd4 Kf7 42.Ke3 Kf6 43.c4 Nd7
44.Nf3 h6 45.Bf1 Rb3+  0-1

[Event "Espacio ENDESA ITTGM"]
[Site "Santiago CHI"]
[Date "2009.11.22"]
[Round "9"]
[White "Garcia Cardenas,P"]
[Black "Sepulveda Herrera,J"]
[Result "1/2-1/2"]
[WhiteElo "2306"]
[BlackElo "2354"]

1.e4 g6 2.d4 Bg7 3.Nc3 d5 4.exd5 Nf6 5.Bc4 Nbd7 6.Bg5 Nb6 7.Bxf6 Bxf6 8.Bb3 a5
9.a4 O-O 10.Qf3 Bxd4 11.Nge2 Bg7 12.O-O-O Bd7 13.Rhe1 Nc8 14.Nd4 Nd6 15.Kb1 Ra6
16.Qe3  1/2-1/2

[Event "National Chess Congress"]
[Site "Philadelphia USA"]
[Date "2009.11.28"]
[Round "4"]
[White "Molner,M"]
[Black "Treger,E"]
[Result "1/2-1/2"]
[WhiteElo "2393"]
[BlackElo "2194"]

1.e4 g6 2.d4 Bg7 3.Nc3 a6 4.a4 d5 5.Nxd5 e6 6.Ne3 Bxd4 7.c3 Bf6 8.Qxd8+ Bxd8
9.Nc4 Nc6 10.Nf3 b6 11.Bd3 Bb7 12.Ke2 h6 13.a5 b5 14.Ncd2 Nf6 15.Nb3 Be7
16.Be3 Ng4 17.Bc5 Bd6 18.Rad1  1/2-1/2

[Event "London Classic FIDE Open"]
[Site "London ENG"]
[Date "2009.12.12"]
[Round "6"]
[White "Roberts,Dan"]
[Black "Storey,Ch"]
[Result "0-1"]
[WhiteElo "2047"]
[BlackElo "2292"]

1.e4 g6 2.d4 Bg7 3.Nc3 c5 4.dxc5 Bxc3+ 5.bxc3 Nf6 6.Bd3 Qa5 7.Qd2 Qxc5 8.Nf3 d6
9.Rb1 Nbd7 10.Rb5 Qc7 11.c4 Nc5 12.Qf4 Bd7 13.Rb1 Bc6 14.O-O Nfxe4 15.Re1 e5
16.Qh4 f5 17.Nd4 exd4 18.f3 O-O 19.fxe4 fxe4 20.Bh6 Qd8 21.Bg5 Qa5 22.Bf6 Qc3
23.Re3 Rxf6 24.Qxf6 Rf8  0-1

[Event "London Classic FIDE Open"]
[Site "London ENG"]
[Date "2009.12.14"]
[Round "8"]
[White "Roberts,Dan"]
[Black "Boger,R"]
[Result "1-0"]
[WhiteElo "2047"]
[BlackElo "1959"]

1.e4 g6 2.d4 Bg7 3.Nc3 Nc6 4.Be3 d6 5.f4 e5 6.dxe5 dxe5 7.Qxd8+ Kxd8 8.O-O-O+ Bd7
9.Bc4 Nh6 10.h3 exf4 11.Bxf4 Ne5 12.Bb3 Re8 13.Nf3 f6 14.Nxe5 fxe5 15.Bg5+ Kc8
16.Rhf1 c6 17.Rd3 Kc7 18.Rfd1 Bc8 19.a4 b6 20.Bd8+ Kb8 21.a5 Bf8 22.Bf6 Ng8
23.Bxg8 Bh6+ 24.Kb1 Rxg8 25.Bxe5+ Kb7 26.Bd6 Re8 27.e5 Be6 28.Rf3 Rad8 29.b3 Rd7
30.Rdf1 Ka6 31.axb6 axb6 32.Kb2 Bg7 33.g4 b5 34.Re3 Kb6 35.b4 Rf7 36.Ref3 Rxf3
37.Rxf3 Bc4 38.Re3 Bh6 39.Re1 Bf4 40.Re4 g5 41.Re1 Bd5 42.Nxd5+ cxd5 43.Bc5+ Kc6
44.Kc3 Rxe5 45.Ra1 d4+ 46.Bxd4 Re7 47.Ra6+ Kd5 48.Rb6 Bd2+ 49.Kd3 Bf4 50.Rxb5+ Kc6
51.Rb6+ Kc7 52.Ra6 Re1 53.Ra7+ Kd6 54.Rxh7 Rd1+ 55.Kc4 Rd2 56.c3 Ra2 57.b5 Rb2
58.Bc5+ Ke5 59.b6 Ke4 60.Bb4 Rd2 61.b7 Rd8 62.Re7+ Kf3 63.Kb5 Kg3 64.Rh7 Bb8
65.c4 Re8 66.c5 Re5 67.Ba5 Bd6 68.Bb6 Bb8 69.Rh8 Bd6 70.Rd8  1-0

[Event "9th Amplico Life Rapid"]
[Site "Warsaw POL"]
[Date "2009.12.19"]
[Round "2"]
[White "Puczylowski,M"]
[Black "Piorun,K"]
[Result "0-1"]
[WhiteElo "2084"]
[BlackElo "2475"]

1.e4 g6 2.d4 Bg7 3.Nc3 c5 4.Nf3 cxd4 5.Nxd4 Nc6 6.Nde2 Nf6 7.g3 O-O 8.Bg2 Rb8
9.a4 b6 10.O-O Bb7 11.Nd5 e6 12.Ne3 d6 13.Rb1 Rc8 14.b3 Ne5 15.f4 Neg4 16.e5 Nxe3
17.Bxe3 Ng4 18.Bxb7 Nxe3 19.Qxd6 Qxd6 20.exd6 Rxc2 21.Rf3 Rxe2 22.Ba6 Rd2
23.Rxe3 Bd4 24.Re1 Rd8 25.Kf1 Bxe3 26.Rxe3 R8xd6 27.Be2 Rc2 28.Ke1 h5 29.Kf2 Rdd2
30.Kf3 Kf8 31.h3 Ke7 32.g4 hxg4+ 33.hxg4 Kd6 34.Bc4 Rh2 35.Rd3+ Ke7 36.Kg3 Rcd2
37.Re3 Rdg2+ 38.Kf3 Rh3+  0-1

[Event "Tata Steel TCh-Asia"]
[Site "Kolkata IND"]
[Date "2009.12.24"]
[Round "3"]
[White "Chua Zheng Yuan,T"]
[Black "Moradiabadi,E"]
[Result "0-1"]
[WhiteElo "2256"]
[BlackElo "2560"]

1.e4 g6 2.d4 Bg7 3.Nc3 a6 4.f4 b5 5.Nf3 Bb7 6.Bd3 d6 7.O-O Nd7 8.e5 Nh6 9.Qe1 e6
10.a4 b4 11.Ne4 d5 12.Ned2 c5 13.dxc5 Nxc5 14.Nd4 O-O 15.a5 Qe7 16.N2b3 Nxb3
17.Nxb3 Rfc8 18.Bd2 Bf8 19.Ra4 Qd7 20.Ra1 Qe7 21.Ra4 Qd7 22.Ra1 Rc4 23.Be3 Nf5
24.Bxc4 dxc4 25.Nc5 Bxc5 26.Bxc5 Bxg2 27.Kxg2 Qd5+ 28.Kg1 Qxc5+ 29.Qf2 Qe7
30.Rad1 Rb8 31.Rd2 Qc7 32.Rfd1 Qxa5 33.Rd7 Rf8 34.Rb7 Qa4 35.Rbd7 Kg7 36.c3 bxc3
37.bxc3 Qa3 38.Qf3 a5 39.Rc7 Qb3 40.Rb7 Nh4  0-1

[Event "26th Open"]
[Site "Geneva SUI"]
[Date "2009.12.28"]
[Round "4"]
[White "Caorlin,M"]
[Black "Vartsaba,A"]
[Result "0-1"]
[WhiteElo "1887"]
[BlackElo "2091"]

1.e4 g6 2.d4 Bg7 3.Nc3 c5 4.Nf3 cxd4 5.Nxd4 Nc6 6.Be3 d6 7.Qd2 Nf6 8.f3 Bd7
9.O-O-O O-O 10.h4 a6 11.h5 Nxh5 12.Nxc6 Bxc6 13.Bh6 e5 14.Bxg7 Kxg7 15.g4 Nf4
16.Qf2 h5 17.gxh5 Nxh5 18.Bc4 Rh8 19.Qd2 Rc8 20.Bb3 Qf6 21.Qxd6 Qxd6 22.Rxd6 Nf4
23.Rdd1 Rh5 24.Rxh5 gxh5 25.Rg1+ Kf6 26.Nd5+ Bxd5  0-1

[Event "15th Open"]
[Site "Bosnjaci CRO"]
[Date "2010.01.06"]
[Round "5"]
[White "Biti,O"]
[Black "Ascic,P"]
[Result "1-0"]
[WhiteElo "2399"]
[BlackElo "2309"]

1.e4 c5 2.Nc3 g6 3.d4 Bg7 4.dxc5 Qa5 5.Bd2 Qxc5 6.Nd5 Na6 7.Nf3 e6 8.Bc3 Bxc3+
9.Nxc3 Nf6 10.Qd2 Nc7 11.e5 Nfd5 12.Ne4 Qb4 13.Nd6+ Ke7 14.c3 Qf4 15.Qd3 Ne8
16.g3 Qh6 17.c4 Nb4 18.Qc3 a5 19.h4 Qg7 20.Nxe8 Kxe8 21.Bg2 Nc6 22.O-O h6
23.Rfe1 Qf8 24.c5 Qe7 25.Nd2 Kf8 26.Ne4 Kg7 27.a3 a4 28.Rad1 Rf8 29.Rd2 Qd8
30.Nd6 Qe7 31.Red1 Rd8 32.Bxc6 bxc6 33.Rd4 Ra7 34.Rf4 Rf8 35.Rd3 g5 36.Rf6 Ba6
37.Rdf3 Be2 38.hxg5 Bxf3 39.Qxf3  1-0

[Event "8th Parsvnath Open"]
[Site "New Delhi IND"]
[Date "2010.01.15"]
[Round "3"]
[White "Vishnu,P"]
[Black "Wajih,N"]
[Result "0-1"]
[WhiteElo "2358"]
[BlackElo "2242"]

1.e4 g6 2.d4 Bg7 3.Nc3 c5 4.Be3 cxd4 5.Bxd4 Nf6 6.Nd5 O-O 7.Nxf6+ exf6 8.Qd3 d5
9.O-O-O dxe4 10.Qxe4 Qc7 11.Bd3 Nc6 12.Bc3 Be6 13.a3 Ne5 14.Be2 b5 15.Bxb5 Rab8
16.Qa4 Qb6 17.Ba6 Qxf2 18.Ne2 Qxg2 19.Nd4 Bg4 20.Rde1 Rfd8 21.Reg1 Qd5 22.Rxg4 Nxg4
23.Nc6 Qa2 24.Nxd8 Bh6+ 25.Kd1 Rxd8+ 26.Bd3 Nf2+ 27.Ke2 Nxd3 28.cxd3 Qe6+
29.Qe4 f5 30.Qxe6 fxe6 31.a4 Kf7 32.a5 Bf4 33.Ra1 Rd5 34.Ra4 Be5 35.Bxe5 Rxe5+
36.Kf2 Rb5 37.a6 Rxb2+ 38.Kg3 Rb6 39.d4 Kf6 40.h4 h6  0-1

[Event "8th Parsvnath Open"]
[Site "New Delhi IND"]
[Date "2010.01.15"]
[Round "3"]
[White "Girinath,P"]
[Black "Deshpande,Ani"]
[Result "1-0"]
[WhiteElo "2370"]
[BlackElo "2256"]

1.e4 g6 2.d4 Bg7 3.Nc3 c5 4.d5 d6 5.Nf3 Nf6 6.Be2 O-O 7.O-O Bg4 8.Re1 Nbd7
9.h3 Bxf3 10.Bxf3 a6 11.a4 Qc7 12.Bf4 Ne5 13.Be2 e6 14.Bg3 exd5 15.Nxd5 Nxd5
16.Qxd5 Qe7 17.Rad1 Rad8 18.c3 g5 19.Rd2 Rfe8 20.Red1 Rd7 21.Bh5 Bf8 22.Kh2 Qe6
23.Qxe6 Rxe6 24.Be2 Rd8 25.Rd5 Rde8 26.f3 h6 27.b4 Rc8 28.b5 axb5 29.Bxb5 Rc7
30.Bxe5 Rxe5 31.Rxe5 dxe5 32.Bc4 Be7 33.Rb1 Rd7 34.Bd5 Bd8 35.Bxb7 Ba5 36.Bd5 Bxc3
37.Rb5 Bd4 38.h4 Ra7 39.hxg5 hxg5 40.Kg3 Kg7 41.Kg4 Kg6 42.Rb8 Rxa4 43.Rb7 Ra6
44.Bxf7+ Kf6 45.Bc4 Rd6 46.Kh5 Re6 47.Bxe6 Kxe6 48.Rb6+ Kf7 49.Kxg5  1-0

[Event "ch-POL"]
[Site "Warsaw POL"]
[Date "2010.01.16"]
[Round "8"]
[White "Bulski,K"]
[Black "Gumula,D"]
[Result "1-0"]
[WhiteElo "2416"]
[BlackElo "2312"]

1.e4 g6 2.d4 Bg7 3.Nc3 d5 4.exd5 Nf6 5.Bc4 Nbd7 6.Qf3 O-O 7.h3 Nb6 8.Bb3 Bd7
9.Bg5 c6 10.Bxf6 Bxf6 11.Nge2 cxd5 12.Nxd5 Nxd5 13.Bxd5 Rc8 14.c3 Qb6 15.Rb1 Bf5
16.Be4 Bxe4 17.Qxe4 Qa6 18.a3 e5 19.d5 Be7 20.O-O Bd6 21.Ng3 f5 22.Qe2 Qa4
23.Rfd1 Qh4 24.Nf1 g5 25.Rbc1 Rf6 26.c4 e4 27.c5 Rxc5 28.Rxc5 Bxc5 29.d6 Bb6
30.d7 Rf8 31.Ne3 g4 32.Qc4+ Kh8 33.g3 Qf6 34.Nd5 Qd6 35.Qb3 e3 36.Nxb6 exf2+
37.Kf1 Qe7 38.Qc3+ Kg8 39.Qc4+ Kg7 40.Qd4+  1-0

[Event "4th SOP-SMAOK Open"]
[Site "Athens GRE"]
[Date "2010.01.26"]
[Round "3"]
[White "Hristodoulou,G2"]
[Black "Efthimiou,G"]
[Result "0-1"]
[WhiteElo "1955"]
[BlackElo "1825"]

1.d4 g6 2.e4 Bg7 3.Nc3 c5 4.d5 d6 5.Nf3 Nf6 6.Be2 Bg4 7.O-O O-O 8.h3 Bxf3
9.Bxf3 Nbd7 10.Bf4 b5 11.Nxb5 Qa5 12.Nc3 Rab8 13.Rb1 Ne8 14.Bd2 Ne5 15.Be2 Nd7
16.Kh1 Kh8 17.f4 f5 18.exf5 gxf5 19.Rf3 a6 20.b3 Qb6 21.Qf1 Nc7 22.Re3 Bf6
23.Na4 Qb7 24.c4 Rf7 25.Qe1 Bd4 26.Bc3 Nf6 27.Bxd4 cxd4 28.Rd3 e5 29.dxe6 Nxe6
30.Bf3 Qd7 31.Bd5 Re7 32.Bxe6 Rxe6 33.Qd1 Ne4 34.Qg1 h5 35.Qxd4+ Kh7 36.Nc3 Nxc3
37.Qxc3 Rbe8 38.Rbd1 Qc6 39.Rg3 R8e7 40.Qd3 Qc5 41.Qd5 Re1+  0-1

[Event "ch-ROU m"]
[Site "Baile Olanesti ROU"]
[Date "2010.02.03"]
[Round "5"]
[White "Petrisor,A"]
[Black "Chirita Mihaila,M"]
[Result "1-0"]
[WhiteElo "2347"]
[BlackElo "2136"]

1.e4 g6 2.d4 Bg7 3.Nc3 c5 4.Nf3 cxd4 5.Nxd4 d6 6.Be3 Nf6 7.f3 Nc6 8.Qd2 Bd7
9.O-O-O Rc8 10.g4 Ne5 11.Be2 a6 12.h3 b5 13.Kb1 b4 14.Nd5 Nxd5 15.exd5 a5
16.Bh6 Bxh6 17.Qxh6 a4 18.f4 Nc4 19.Bxc4 Rxc4 20.Qg7 Rf8 21.Rhe1 Rc5 22.Nf3 Bb5
23.Ng5 Kd7 24.Nxf7  1-0

[Event "ch-UKR g18"]
[Site "Kyiv UKR"]
[Date "2010.02.03"]
[Round "11"]
[White "Rakhmangulova,A"]
[Black "Petrova,I"]
[Result "1-0"]
[WhiteElo "2089"]
[BlackElo "1987"]

1.e4 g6 2.d4 Bg7 3.Nc3 c5 4.dxc5 Qa5 5.Ne2 Nf6 6.Qd3 Na6 7.Be3 Nxc5 8.Qb5 Qxb5
9.Nxb5 Na6 10.Nec3 b6 11.f3 d6 12.Be2 O-O 13.Kf2 Bb7 14.a4 Nb4 15.Rhc1 Rfc8
16.Nd4 a6 17.Na2 Nxa2 18.Rxa2 Nd7 19.c4 a5 20.Rb1 Ba6 21.b3 Rc7 22.Nb5 Bxb5
23.axb5 Rca7 24.f4 a4 25.b4 Kf8 26.Rc1 a3 27.Rb1 Bb2 28.Bd3 Ra4 29.Bd2 e5
30.g3 Ke7 31.Ke2 Ke6 32.f5+ gxf5 33.exf5+ Kf6 34.Be4 d5 35.Bxd5 Rc8 36.g4 e4
37.g5+ Ke5 38.Bxf7 Kd4 39.Be6 Rd8 40.Rd1 Nf8 41.Be3+ Kc3 42.Rxd8 Nxe6 43.fxe6 Kb3
44.Rxa3+ Rxa3 45.e7 Ra2 46.e8=Q  1-0

[Event "8th Gibtelecom Masters"]
[Site "Caleta ENG"]
[Date "2010.02.04"]
[Round "10"]
[White "Boskovic,D"]
[Black "Koneru,H"]
[Result "0-1"]
[WhiteElo "2454"]
[BlackElo "2614"]

1.d4 g6 2.e4 Bg7 3.Nc3 a6 4.a4 d6 5.h3 Nd7 6.g3 c5 7.Nge2 b6 8.Bg2 Rb8 9.O-O Bb7
10.Bg5 cxd4 11.Nxd4 h6 12.Be3 Ngf6 13.Nd5 e5 14.Ne2 Nxd5 15.exd5 O-O 16.Qd2 Kh7
17.c4 a5 18.Nc3 f5 19.Ra3 Rc8 20.Nb5 Qf6 21.Qe2 f4 22.Bd2 Nc5 23.b4 axb4
24.Bxb4 Ba6 25.Kh2 Rf7 26.Bxc5 Rxc5 27.Be4 Bc8 28.g4 Bf8 29.Rg1 Qd8 30.Nc3 Be7
31.Bf3 Bd7 32.Nb5 Qc8 33.Na7 Qa6 34.Nc6 Qxc4 35.Re1 Bf6 36.Qxc4 Rxc4 37.Re2 Bc8
38.a5 bxa5 39.Rxa5 Rc3 40.Kg2 Rb7 41.Ra8 Bd7 42.Rea2 h5 43.R2a7 Bxc6 44.dxc6 Rxa7
45.Rxa7+ Kh6 46.Rd7 hxg4 47.hxg4 e4 48.Bxe4 Be5 49.Bd5 Kg5 50.f3 Rc2+ 51.Kf1 Bc3
52.Be4 Rc1+ 53.Ke2 Be5 54.Re7 Kf6 55.Re8 Kf7 56.Rd8 Ke6 57.Rg8 d5 58.Rxg6+ Kf7
59.Bf5 Bf6 60.Rh6 Ke7 61.Bd7 Rc2+ 62.Kd1 Rc3 63.Rh7+ Kd6 64.Rf7 Be5 65.g5 Rxf3
66.g6 Rg3 67.Be8 Rg1+ 68.Ke2 f3+ 69.Rxf3 Ke7 70.Re3 Kxe8 71.Rxe5+ Kd8 72.Re6 Kc7
73.Rf6 d4 74.Kd3 Rg4 75.Kc4 Kb6 76.Re6 Kc7 77.Rf6 Kb6 78.Kd3 Kc7 79.Ke2 Rg5
80.Re6 Rg1 81.Rf6 Rg5 82.Kd3 Rg4 83.Kc4 Kb6 84.Re6 Kc7 85.Kc5 d3 86.Re7+ Kc8
87.Rd7  0-1

[Event "FSIMA February"]
[Site "Budapest HUN"]
[Date "2010.02.09"]
[Round "4"]
[White "Griffiths,R"]
[Black "Turzo,A"]
[Result "0-1"]
[WhiteElo "2148"]
[BlackElo "2309"]

1.e4 c5 2.Nc3 g6 3.d4 Bg7 4.dxc5 Qa5 5.Bd2 Qxc5 6.Nd5 Na6 7.Nf3 e6 8.Nc3 Ne7
9.Be2 O-O 10.O-O d5 11.exd5 Nxd5 12.Nxd5 Qxd5 13.c3 e5 14.Be3 Qc6 15.a4 Nc7
16.Qc1 Be6 17.b4 Nd5 18.Bc5 Rfd8 19.Bb5 Qc7 20.Ng5 Bd7 21.Bc4 Bc6 22.Rd1 b6
23.Bxd5 Bxd5 24.Be3 Rac8 25.a5 h6 26.axb6 axb6 27.Nh3 g5 28.f3 e4 29.fxe4 Bxe4
30.Nf2 Bb7 31.Rxd8+ Rxd8 32.Nd1 Rxd1+ 33.Qxd1 Qxc3 34.Ra2 Qxe3+ 35.Kh1 Be5
36.Re2 Qf4 37.Qg1 h5 38.Rf2 Bd4 39.Rxf4 Bxg1 40.Rf5 Be3 41.h4 Be4 42.Re5 f5
43.hxg5 h4  0-1

[Event "TCh-SUI NatLigaA"]
[Site "Switzerland SUI"]
[Date "2010.02.14"]
[Round "1"]
[White "Kurmann,O"]
[Black "Bauer,Ch"]
[Result "0-1"]
[WhiteElo "2422"]
[BlackElo "2610"]

1.e4 g6 2.d4 Bg7 3.Nc3 a6 4.Be3 d6 5.Qd2 b5 6.a4 b4 7.Nd1 a5 8.c3 Nf6 9.f3 bxc3
10.bxc3 O-O 11.Bd3 e5 12.dxe5 dxe5 13.Bc4 Nbd7 14.Nb2 Qe7 15.Nd3 Rd8 16.Qc2 Nb6
17.Bb5 Nh5 18.Ne2 Be6 19.Bc5 Qg5 20.g4 Qh4+ 21.Bf2 Qf6 22.gxh5 Qxf3 23.Ng3 Nc4
24.Rd1 Na3 25.Qe2 Qxe2+ 26.Nxe2 Bb3 27.Rd2 Nxb5 28.axb5 Bh6 29.Nec1 Bc4 30.Rd1 Bxb5
31.hxg6 hxg6 32.Bc5 Ba4 33.Ke2 Rab8 34.Rdf1 Bb5 35.Be3 Bf8 36.Rd1 f5 37.Kf2 f4
38.Nxf4 exf4 39.Bxf4 Re8 40.Bxc7 Rb7 41.Bxa5 Rf7+ 42.Kg3 Rxe4 43.Bb6 Re6
44.c4 Bd6+ 45.Rxd6 Rxd6 46.cxb5 Rxb6 47.Re1 Rxb5 48.Re4 Rg5+ 49.Rg4 Rxg4+
50.Kxg4 Rf2 51.h3 Rd2 52.Kf3 Kf7 53.Ne2 Kf6 54.Ng3 Rd4 55.Ne2 Rb4 56.Nf4 Kf5
57.Ne2 Rb3+ 58.Kg2 Rd3 59.Ng3+ Kf4 60.Ne2+ Ke3 61.Ng1 Rd5 62.Kg3 Rg5+ 63.Kh4 Rf5
64.Kg3 Rf1 65.Kg2 Ra1 66.Nf3 Kf4  0-1

[Event "BSF 75th Ann."]
[Site "Bronshoj DEN"]
[Date "2010.02.17"]
[Round "5"]
[White "Rossen,C"]
[Black "Jensen,Mi"]
[Result "1-0"]
[WhiteElo "2223"]
[BlackElo "2070"]

1.d4 g6 2.e4 Bg7 3.Nc3 c5 4.d5 d6 5.Nf3 Nf6 6.Be2 O-O 7.O-O Bg4 8.Nd2 Bxe2
9.Qxe2 Na6 10.Nc4 Nc7 11.a4 Nd7 12.f4 a6 13.f5 b5 14.Na5 b4 15.Nd1 Ne5 16.Bf4 Qd7
17.Bxe5 Bxe5 18.Nc4 Bd4+ 19.Kh1 Rab8 20.Nde3 Bg7 21.Qg4 Qd8 22.Rad1 Ne8 23.Qh3 Qc7
24.fxg6 hxg6 25.Ng4 f6 26.Rd3 Kf7 27.Nge5+ Kg8 28.Qe6+ Kh7 29.Rh3+ Bh6 30.Ng4  1-0

[Event "TCh-Eur Seniors"]
[Site "Dresden GER"]
[Date "2010.02.17"]
[Round "8"]
[White "Malmdin,N"]
[Black "Troeger,R"]
[Result "1-0"]
[WhiteElo "2281"]
[BlackElo "2159"]

1.e4 g6 2.d4 Bg7 3.Nc3 c5 4.dxc5 Qa5 5.Bd2 Qxc5 6.Nd5 Na6 7.Nf3 d6 8.b4 Qc6
9.b5 Qd7 10.bxa6 Bxa1 11.Qxa1  1-0

[Event "NordWest-Cup"]
[Site "Bad Zwischenahn GER"]
[Date "2010.02.20"]
[Round "5"]
[White "Schneider,Il"]
[Black "Korba,R"]
[Result "1-0"]
[WhiteElo "2499"]
[BlackElo "2238"]

1.d4 g6 2.e4 Bg7 3.Nc3 a6 4.Bg5 b5 5.a4 b4 6.Nd5 a5 7.Bc4 Ba6 8.Bb3 c6 9.Ne3 Qb6
10.e5 d5 11.c4 bxc3 12.bxc3 Nd7 13.Rb1 Rb8 14.Ne2 h6 15.Bh4 e6 16.O-O Ne7
17.Bc2 Qa7 18.Rxb8+ Qxb8 19.Bd3 Qa7 20.Nf4 c5 21.Bxe7 Kxe7 22.Nexd5+ exd5
23.Nxd5+ Kf8 24.e6 Bxd3 25.Qxd3 fxe6 26.Nf4 cxd4 27.cxd4 Kg8 28.Nxg6 Qxd4
29.Qa6 Qb6 30.Qc8+ Nf8 31.Qe8 Kh7 32.Nxh8 Kxh8 33.h3 Kh7 34.Re1 e5 35.Qb5 Qc7
36.Qb1+ Kh8 37.Rc1 Qd7 38.Qe4 Qd8 39.Rc5 Ne6 40.Qd5 Qe7 41.Rc8+ Nf8 42.Qxa5 e4
43.Qc5 Qf6 44.Re8 Qa1+ 45.Kh2 Qxa4 46.Rxf8+ Bxf8 47.Qxf8+ Kh7 48.Qf7+ Kh8
49.Qg6 Qd4 50.Qxh6+ Kg8 51.Qf4  1-0